International Journal of Advanced Operations Management
Na minha lista:
| Formato: | Periódico |
|---|---|
| Idioma: | inglês |
| Publicado em: |
Genève
Inderscience Publishers
|
| Tags: |
Sem tags, seja o primeiro a adicionar uma tag!
|
MARC
| LEADER | 00000nas1a2200000 4500 | ||
|---|---|---|---|
| 001 | 0259930 | ||
| 005 | 20250701092124.2 | ||
| 022 | |a 1758-9398 | ||
| 022 | |a 1758-938X | ||
| 041 | 0 | |a eng | |
| 044 | |a CH | ||
| 245 | 1 | 0 | |a International Journal of Advanced Operations Management |
| 264 | 1 | |a Genève |b Inderscience Publishers | |